01123 2200349 4500001002100000005001500021035002000036007000300056008004100059020002200100040002200122082001600144084001800160090002200178100002200200245014300222250002800365300004900393650002400442700002900466700002600495700002600521700003000547850001200577504003200589264003400621336002100655337003000676338002300706999002200729990002200751INLIS00000000086833120220225022116 a0010-0222000798ta220225s2021 yoia g ind d a978-623-261-304-1 aYOPDYOGbinderda04223a628.354 a628.354 NOV b aCB-D.11 2021-19280 aNovariniepenulis10aBahan bakar minyak dari limbah kantong kresek /cpenulis, Novarini, Sigit Kurniawan, Rusdianasari, Yohandri Bow; penyunting, Wahyu Dewanto aCetakan I, Oktober 2021 axviii, 188 halaman :bgambar, tabel ;c23 cm 4aLimbah, pengelolaan0 aSigit Kurniawanepenulis0 aRusdianasariepenulis0 aYohandri Bowepenulis0 aWahyu Dewantoepenyunting aYOPDYOG aBibliografi halaman 181-18631aBantul :bSamudra Biru,c2021 2rdacontentateks 2rdamediaatanpa perantara 2rdacarrieravolume aCB-D.11/2021-1928 aCB-D.11/2021-1928